• 首页
  • 本馆介绍
  • 公告通知
  • 最新文献
  • 馆藏检索
  • 电子资源
  • 读者导购
  • 参考咨询
  • 我的图书馆
  • 登录
  • 详细信息显示
  • 放入我的书架
  • 预约/预借图书
  • 作者相关作品
  • 分类相关作品
  • 丛书相关作品
  • 出版社相关作品

书目信息

  • 表格格式
  • 工作单格式
  • 卡片格式
题名:
晶体管原理与实践
    
 
作者: ;上海科技大学半导体器件教研组 编
分册:  
出版信息: 上海   上海科学技术出版社  1978
页数: 360页
开本: 26cm
丛书名:
单 册:
中图分类: TN11
科图分类:
主题词: 晶体管 , 电子管
电子资源:
ISBN:
000 00726nam0 2200229 45
001 0178001738
005 20060719170854.56
010    @dCNY2.40
091    @a15119.1918
100    @a19950728d1978 em y0chiy0121 ea
101 0  @achi
102    @aCN@b310000
105    @ay z 000yy
200 10 @a晶体管原理与实践@Ajing ti guan yuan li yu shi jian@f上海科技大学半导体器件教研组编@Fshang hai ke ji da xue ban dao ti qi jian jiao yan zu bian
210    @a上海@c上海科学技术出版社@d1978
215    @a360页@d26cm
606    @a晶体管
606 0  @a电子管
690    @aTN11@v4
711 02 @a上海科技大学半导体器件教研组@Ashang hai ke ji da xue ban dao ti qi jian jiao yan zu@4编
801  0 @aCN@bNLC@c20060719
905    @dTN11@e2
    
    晶体管原理与实践/上海科技大学半导体器件教研组编.-上海:上海科学技术出版社,1978
    360页;26cm
    
    
    ISBN :CNY2.40
    
●
相关链接 在E读中查询图书 在五车中查询图书 在当当中查询图书 在豆瓣中查询图书


正题名:晶体管原理与实践     索取号:TN11/2         预约/预借

序号 登录号 条形码 馆藏地/架位号 状态 备注
1 0003084   001349767   第二样本阅览室/ [索取号:TN11/2] 在馆    
2 0003085   001348811   第三借阅区/ [索取号:TN11/2] 在馆    
3 0421047   204210479   密集书库/ [索取号:TN11/2] 在馆    
4 0437463   204374630   密集书库/ [索取号:TN11/2] 在馆    
唐山师范学院图书馆 欢迎您!
大连网信软件有限公司© 版权所有